000 00960nam a22002297a 4500
005 20250424142418.0
008 250424b |||||||| |||| 00| 0 eng d
020 _a978-93-5229-355-1 (hbk)
037 _cTB
040 _aCRL
_cCRL
041 _2hin
_ahin
084 _aNR44wN22 152Q6
100 _aसिंह, गजेन्द्र नारायण
_9752931
245 _aकालजयी सुर:
_bपंडित भीमसेन जोशी
260 _aनई दिल्ली, भारत:
_bवाणी प्रकाशन,
_c2016.
300 _a116पृ0
365 _b395.00
_cINR
650 _2संगीत
650 _2ललित कला
942 _2CC
_cTB
_hNR44wN22 152Q6
_n0
999 _c1309354
_d1309354